000 00620nam a22002057a 4500
999 _c11229
_d11229
003 AR-CdUCM
008 190403b ||||| |||| 00| 0 spa d
040 _aMUNICIPALIDAD PROVINCIAL DEL CUSCO
_cBIBLIOTECA MUNICIPAL DEL CUSCO
082 _a848.55 /
_bG45 /
100 _aGil, Alvaro G.
_928487
245 _aLas confesiones de J. J. Rousseau /
260 _aParís :
_bGarnier,
300 _a375 páginas ;
_c18 cm.
505 _aContenido : Libro octavo -- Literatura -- Narrativa ...
650 _aLiteratura
_983
650 _aEuropea
_95888
650 _aNarrativa
_967
942 _2ddc
_cLIBROS
945 _arah